00822cam a22002651 4500001001300000003000400013005001700017008004100034010001700075025001900092035002000111040002100131042001200152050001700164100003100181245004000212260001100252300001900263500001600282500012400298500004700422600003500469700003500504999001700539sa 68012585 DLC20260227112611.0941027s1965 ii 000 0 beno  asa 68012585  aPL480:EP-B-949 a(OCoLC)31368365 aDLCcCUdCUdDLC apremarc00aDS318.S6bS51 aSiddikī, Ānisa,d1935-10aYakhana āmi rāṇī chilāma. c[1965] a152 p.c22 cm. aIn Bengali. a"Written by [the author] in the form of an autobiography of the ex-queen of Iran." Cf. author's letter, March 25, 1968. aIncludes some articles by Princess Soraya.00aSoraya,cPrincess,d1932-2001.0 aSoraya,cPrincess,d1932-2001. c84598d84598